[Event "BL 1819 Hamburger SK - SF Deizisau"]
[Site "?"]
[Date "2019.03.24"]
[Round "13.6"]
[White "Engel, Luis"]
[Black "Heimann, Andreas"]
[Result "1/2-1/2"]
[WhiteElo "2480"]
[BlackElo "2609"]
[PlyCount "108"]
[EventDate "2019.??.??"]

1. e4 e5 2. Nf3 Nc6 3. Bc4 Nf6 4. d3 Bc5 5. O-O d6 6. c3 a6 7. Bb3 Ba7 8. Nbd2
O-O 9. h3 Be6 10. Bc2 h6 11. Re1 Re8 12. Nf1 d5 13. exd5 Bxd5 14. Ng3 Qd6 15.
Be3 Bxe3 16. Rxe3 Be6 17. Nh4 Nd5 18. Rf3 Qd8 19. Ngf5 Nce7 20. d4 Nxf5 21.
Nxf5 Bxf5 22. Rxf5 exd4 23. Qf3 Nf6 24. Rd1 Qd6 25. cxd4 c6 26. Qc3 Nd5 27. Qd2
Re7 28. Re1 Rae8 29. Rxe7 Rxe7 30. Bb3 g6 31. Rf3 Kg7 32. g3 Nf6 33. Qc3 Ne4
34. Qc4 Ng5 35. Rd3 Qf6 36. f4 Nxh3+ 37. Kg2 Ng5 38. Qc2 Ne4 39. d5 cxd5 40.
Bxd5 Nd6 41. Bf3 Nf5 42. Qc3 Qxc3 43. Rxc3 Rd7 44. Kh3 h5 45. a4 b6 46. Be4 Nd4
47. b4 Ne6 48. Bd3 Rd4 49. Bc4 Kf6 50. Bxa6 Rxb4 51. Rc6 Kg7 52. Bb5 Rb2 53.
Rxb6 Nd4 54. Rd6 Nxb5 1/2-1/2

[Event "BL 1819 Hamburger SK - SF Deizisau"]
[Site "?"]
[Date "2019.03.24"]
[Round "13.7"]
[White "Kollars, Dmitrij"]
[Black "Sebastian, Dirk"]
[Result "1-0"]
[WhiteElo "2564"]
[BlackElo "2447"]
[PlyCount "93"]
[EventDate "2019.??.??"]

1. e4 e5 2. Nf3 Nc6 3. Bc4 Bc5 4. c3 Nf6 5. d3 d6 6. O-O O-O 7. Nbd2 a5 8. h3
Be6 9. Re1 Qc8 10. Bxe6 Qxe6 11. Nf1 Bb6 12. d4 exd4 13. cxd4 d5 14. Ng5 Qd7
15. e5 Ne4 16. Nxe4 dxe4 17. Rxe4 Bxd4 18. Be3 Rad8 19. Bxd4 Nxd4 20. Ne3 c5
21. Qg4 Qxg4 22. hxg4 Rfe8 23. Re1 b5 24. f4 a4 25. Kf2 Nc6 26. Nf5 Rd2+ 27.
R1e2 Rxe2+ 28. Rxe2 Nb4 29. Nd6 Rb8 30. a3 Nd3+ 31. Ke3 c4 32. Ke4 Kf8 33. g3
Ke7 34. Kd5 h6 35. Kc6 b4 36. Nxc4 bxa3 37. bxa3 Rc8+ 38. Kd5 Nc1 39. Rc2 Nb3
40. Ne3 Rd8+ 41. Kc4 Rd4+ 42. Kb5 g6 43. Rc3 Nd2 44. Nc2 Re4 45. Nb4 Kf8 46.
Rc8+ Ke7 47. Nc6+ 1-0

[Event "BL 1819 Hamburger SK - SF Deizisau"]
[Site "?"]
[Date "2019.03.24"]
[Round "13.8"]
[White "Carlstedt, Jonathan"]
[Black "Graf, Alexander"]
[Result "1/2-1/2"]
[WhiteElo "2422"]
[BlackElo "2572"]
[PlyCount "89"]
[EventDate "2019.??.??"]

1. d4 d5 2. Bf4 c5 3. e3 Nc6 4. c3 Bf5 5. Nd2 e6 6. Qb3 Qc8 7. Ngf3 Nf6 8. Nh4
Be4 9. Nxe4 Nxe4 10. Nf3 Be7 11. h4 a6 12. Qc2 cxd4 13. exd4 Bd6 14. Bxd6 Nxd6
15. Bd3 Qc7 16. h5 h6 17. Rh3 O-O-O 18. O-O-O f6 19. Nh4 Kb8 20. Ng6 Rhe8 21.
f4 e5 22. fxe5 fxe5 23. dxe5 Nxe5 24. Nf4 Ndc4 25. Qf2 Rf8 26. g3 d4 27. Bxc4
Qxc4 28. Rxd4 Qxa2 29. Qe2 Nc6 30. Rxd8+ Rxd8 31. Nd3 Na5 32. Rh4 Nc4 33. Rd4
Rc8 34. Rg4 Ka8 35. Qe6 Qa1+ 36. Kc2 Qa4+ 37. Kc1 Rc6 38. Qe8+ Ka7 39. Rg6 Qa1+
40. Kc2 Qa4+ 41. Kc1 Qa1+ 42. Kc2 Rc7 43. Qe4 Qa4+ 44. Kc1 Qa1+ 45. Kc2 1/2-1/2

[Event "BL 1819 SG Turm Kiel - OSG Baden-Baden"]
[Site "?"]
[Date "2019.03.24"]
[Round "13.2"]
[White "Khenkin, Igor"]
[Black "Wojtaszek, Radoslaw"]
[Result "1/2-1/2"]
[WhiteElo "2546"]
[BlackElo "2722"]
[PlyCount "43"]
[EventDate "2019.??.??"]

1. d4 Nf6 2. c4 e6 3. Nf3 b6 4. Nc3 Bb4 5. Bd2 O-O 6. Rc1 Bb7 7. g3 Nc6 8. e3
Ne7 9. Bg2 c5 10. a3 Bxc3 11. Bxc3 Ne4 12. O-O Qc7 13. dxc5 bxc5 14. Ba5 Qxa5
15. Qxd7 Qb6 16. Qxe7 f6 17. Qd7 Rfd8 18. Qb5 Bc6 19. Qxb6 axb6 20. Rfd1 Ba4
21. Rxd8+ Rxd8 22. Bf1 1/2-1/2

[Event "BL 1819 SG Turm Kiel - OSG Baden-Baden"]
[Site "?"]
[Date "2019.03.24"]
[Round "13.3"]
[White "Rapport, Richard"]
[Black "Jakubiec, Artur"]
[Result "1-0"]
[WhiteElo "2738"]
[BlackElo "2478"]
[PlyCount "65"]
[EventDate "2019.??.??"]

1. d4 f5 2. b3 Nf6 3. Bb2 g6 4. e3 Bg7 5. h4 e6 6. Nh3 d6 7. Nc3 Nc6 8. Nf4 e5
9. dxe5 Nxe5 10. Qd2 Ne4 11. Nxe4 fxe4 12. O-O-O Bg4 13. Be2 Qd7 14. Qd5 O-O-O
15. Qxe4 Bf5 16. Qb4 c5 17. Qb5 Qf7 18. Rd2 Be4 19. Qa4 Bc6 20. Qxa7 Kc7 21.
Qa5+ Kb8 22. Rhd1 Qe7 23. Kb1 Rhf8 24. Bb5 h6 25. f3 g5 26. hxg5 hxg5 27. Nd5
Bxd5 28. Rxd5 Bf6 29. a4 Nf7 30. Bxf6 Qxf6 31. Qb6 Qe7 32. a5 Qc7 33. Rf5 1-0

[Event "BL 1819 SG Turm Kiel - OSG Baden-Baden"]
[Site "?"]
[Date "2019.03.24"]
[Round "13.6"]
[White "Hoi, Carsten"]
[Black "Bacrot, Etienne"]
[Result "0-1"]
[WhiteElo "2359"]
[BlackElo "2681"]
[PlyCount "74"]
[EventDate "2019.??.??"]

1. Nf3 Nf6 2. c4 b6 3. Nc3 Bb7 4. d4 e6 5. a3 d5 6. Bg5 Be7 7. e3 Nbd7 8. cxd5
exd5 9. Bd3 O-O 10. Qc2 c5 11. O-O h6 12. Bf4 a6 13. Rad1 Re8 14. Ne5 Nf8 15.
Bf5 Bd6 16. h3 Ne6 17. dxc5 bxc5 18. Na4 Nxf4 19. exf4 Qc7 20. Rfe1 Re7 21. Ng4
Nxg4 22. Bxg4 d4 23. Rxe7 Qxe7 24. b4 cxb4 25. axb4 Bxb4 26. Rxd4 Rd8 27. Rxd8+
Qxd8 28. Qe2 Qd4 29. Qe8+ Bf8 30. f5 Qa1+ 31. Kh2 Qf1 32. f3 Qc4 33. Bh5 Qf4+
34. Kh1 Qxf5 35. Nb6 Qe6 36. Qd8 Qe1+ 37. Kh2 Qe7 0-1

[Event "BL 1819 SG Turm Kiel - OSG Baden-Baden"]
[Site "?"]
[Date "2019.03.24"]
[Round "13.7"]
[White "Gustafsson, Jan"]
[Black "Bromann, Thorbjorn"]
[Result "1/2-1/2"]
[WhiteElo "2639"]
[BlackElo "2395"]
[PlyCount "87"]
[EventDate "2019.??.??"]

1. d4 e6 2. c4 Bb4+ 3. Nd2 Nf6 4. Ngf3 O-O 5. a3 Be7 6. e4 d5 7. e5 Nfd7 8. Bd3
c5 9. h4 h6 10. Bb1 Re8 11. O-O cxd4 12. Qc2 Nf8 13. Rd1 Bxh4 14. Nxh4 Qxh4 15.
Nf3 d3 16. Rxd3 Qe7 17. Rd4 Nbd7 18. Bd2 a5 19. a4 Ng6 20. Ra3 Ndf8 21. Rc3 Bd7
22. Qc1 Rec8 23. c5 Nh7 24. Rg4 Be8 25. Be3 Rc7 26. Qd2 h5 27. Rg3 Bxa4 28. Rh3
d4 29. Bxd4 Rd8 30. Rxh5 Rcd7 31. Qe3 Bd1 32. Rxh7 Kxh7 33. c6 Bxf3 34. cxd7
Bc6 35. Qh3+ Kg8 36. Bxg6 fxg6 37. Bc5 Qf7 38. Qh4 g5 39. Qxg5 Rxd7 40. Bd6 Qf5
41. Qxf5 exf5 42. Rc5 a4 43. Ra5 Rd8 44. f3 1/2-1/2

[Event "BL 1819 SV Mülheim Nord 1931 - SV Hock"]
[Site "?"]
[Date "2019.04.06"]
[Round "14.1"]
[White "Ponomariov, Ruslan"]
[Black "Beerdsen, Thomas"]
[Result "1-0"]
[WhiteElo "2673"]
[BlackElo "2483"]
[PlyCount "51"]
[EventDate "2019.??.??"]

1. Nf3 Nc6 2. e4 d5 3. exd5 Qxd5 4. Nc3 Qd6 5. Nb5 Qd8 6. d4 a6 7. Nc3 Nf6 8.
a3 Qd6 9. Be2 Bg4 10. d5 Ne5 11. O-O Ned7 12. h3 Bxf3 13. Bxf3 g6 14. g3 Ne5
15. Bg2 Bg7 16. Re1 O-O 17. Qe2 Ned7 18. Be3 Rfe8 19. Rad1 e5 20. dxe6 Qxe6 21.
Nd5 Nxd5 22. Bxd5 Qxh3 23. Bxf7+ Kxf7 24. Qc4+ Ke7 25. Bc5+ Kf6 26. Bd4+ 1-0

[Event "BL 1819 SV Mülheim Nord 1931 - SV Hock"]
[Site "?"]
[Date "2019.04.06"]
[Round "14.2"]
[White "Vrolijk, Liam"]
[Black "Howell, David W L"]
[Result "1-0"]
[WhiteElo "2465"]
[BlackElo "2701"]
[PlyCount "95"]
[EventDate "2019.??.??"]

1. Nf3 Nf6 2. g3 g6 3. Bg2 Bg7 4. O-O d5 5. d4 O-O 6. c4 dxc4 7. Na3 c3 8. bxc3
c5 9. Re1 Nc6 10. e4 Bg4 11. Bb2 Ne8 12. Nc2 Nd6 13. Qd3 Qa5 14. Ne3 Bxf3 15.
Bxf3 cxd4 16. cxd4 Qb5 17. Qd2 Rfd8 18. e5 Nc8 19. Qc2 e6 20. a4 Qa6 21. d5
Nxe5 22. Bxe5 Bxe5 23. Rab1 Bg7 24. dxe6 Qxe6 25. Nd5 Qd6 26. Nc7 Qf6 27. Nxa8
Qxf3 28. Rbd1 Rf8 29. Nc7 h5 30. Ne8 Nb6 31. a5 Nd5 32. Nxg7 Nf4 33. gxf4 Qg4+
34. Kh1 Qf3+ 35. Kg1 Qg4+ 36. Kf1 Qh3+ 37. Ke2 Qg4+ 38. Ke3 Kxg7 39. Qe4 Rc8
40. Rc1 Rd8 41. Qe5+ Kg8 42. f3 Qh3 43. Red1 Rf8 44. Qe7 Kg7 45. Rd8 Rxd8 46.
Qxd8 Qxh2 47. Qd4+ f6 48. Qd8 1-0

[Event "BL 1819 SV Mülheim Nord 1931 - SV Hock"]
[Site "?"]
[Date "2019.04.06"]
[Round "14.3"]
[White "Moiseenko, Alexander"]
[Black "Hausrath, Daniel"]
[Result "1/2-1/2"]
[WhiteElo "2646"]
[BlackElo "2458"]
[PlyCount "75"]
[EventDate "2019.??.??"]

1. d4 d6 2. c4 g6 3. Nc3 Bg7 4. e4 Nf6 5. Bd3 Nc6 6. Nge2 e5 7. d5 Nd4 8. Nxd4
exd4 9. Ne2 O-O 10. O-O Re8 11. f3 c5 12. Bg5 h6 13. Bh4 Qa5 14. a4 a6 15. h3
Rb8 16. Qc1 g5 17. Be1 Qd8 18. Ng3 Nd7 19. Nh5 Ne5 20. Qc2 Bh8 21. Bg3 Bd7 22.
a5 b5 23. b3 bxc4 24. bxc4 Rb4 25. Be1 Rb7 26. Bd2 Qe7 27. Ra3 f5 28. exf5 Nxd3
29. Qxd3 Qe2 30. Ng3 Qxd3 31. Rxd3 Rf8 32. f4 Bxf5 33. Nxf5 Rxf5 34. fxg5 Rxf1+
35. Kxf1 hxg5 36. Ke2 Be5 37. Rf3 Rb2 38. Kd3 1/2-1/2

[Event "BL 1819 SV Mülheim Nord 1931 - SV Hock"]
[Site "?"]
[Date "2019.04.06"]
[Round "14.5"]
[White "Baramidze, David"]
[Black "Dinstuhl, Volkmar"]
[Result "1/2-1/2"]
[WhiteElo "2595"]
[BlackElo "2378"]
[PlyCount "69"]
[EventDate "2019.??.??"]

1. e4 c5 2. Nf3 d6 3. d4 cxd4 4. Nxd4 Nf6 5. Nc3 a6 6. h3 g6 7. g4 Bg7 8. Bg2
O-O 9. O-O Nc6 10. Nxc6 bxc6 11. e5 dxe5 12. Qxd8 Rxd8 13. Bxc6 Rb8 14. Rd1 Rd6
15. Bg2 Be6 16. b3 Rxd1+ 17. Nxd1 Nd5 18. Bd2 e4 19. Rc1 f5 20. Bf1 fxg4 21.
hxg4 Bxg4 22. Bxa6 Bf3 23. Bf1 Rd8 24. Ba5 Ra8 25. b4 Bh6 26. Rb1 e3 27. c4
Nxb4 28. Bxb4 e2 29. Bxe2 Bxe2 30. Bxe7 Bxc4 31. a3 Bd3 32. Rb6 Bf8 33. Bxf8
Kxf8 34. Rb3 Bc2 35. Rf3+ 1/2-1/2

[Event "BL 1819 SV Mülheim Nord 1931 - SV Hock"]
[Site "?"]
[Date "2019.04.06"]
[Round "14.7"]
[White "Wagner, Dennis"]
[Black "Zwirs, Nico"]
[Result "1-0"]
[WhiteElo "2577"]
[BlackElo "2386"]
[PlyCount "95"]
[EventDate "2019.??.??"]

1. d4 Nf6 2. Nf3 g6 3. g3 Bg7 4. Bg2 O-O 5. O-O d5 6. c4 dxc4 7. Na3 Nc6 8.
Nxc4 Be6 9. b3 Bd5 10. Bb2 a5 11. Ne3 Be4 12. a3 Re8 13. Nc4 Bd5 14. Rc1 e6 15.
Re1 Qe7 16. Qd3 Be4 17. Qe3 Rad8 18. h3 Qf8 19. Qf4 Bxf3 20. Bxf3 Nd5 21. Qe4
Nf6 22. Qd3 e5 23. Bxc6 bxc6 24. e4 exd4 25. Nxa5 Nd7 26. Nxc6 Ne5 27. Nxe5
Bxe5 28. b4 Qe7 29. Kg2 Rd7 30. Rc5 h5 31. h4 Bg7 32. Bc1 Qd8 33. Bf4 Qc8 34.
Rec1 Ree7 35. b5 Qb7 36. Rc6 Be5 37. a4 Bxf4 38. gxf4 Qa8 39. b6 Re8 40. bxc7
Rc8 41. Qb5 d3 42. Rxg6+ fxg6 43. Qxd7 Qxe4+ 44. f3 Qf5 45. Qd8+ Kg7 46. Re1
Kh6 47. Re7 Qc5 48. Qxc8 1-0

[Event "BL 1819 SV Werder Bremen - SC Viernheim"]
[Site "?"]
[Date "2019.04.06"]
[Round "14.1"]
[White "Korobov, Anton"]
[Black "Fressinet, Laurent"]
[Result "1/2-1/2"]
[WhiteElo "2675"]
[BlackElo "2639"]
[PlyCount "69"]
[EventDate "2019.??.??"]

1. d4 Nf6 2. c4 e6 3. Nf3 d5 4. Nc3 Bb4 5. cxd5 exd5 6. Bg5 h6 7. Bh4 O-O 8. e3
Bf5 9. a3 Bxc3+ 10. bxc3 Nbd7 11. Bd3 Bxd3 12. Qxd3 c5 13. O-O Rc8 14. Rfb1 b6
15. a4 Qc7 16. a5 Ne4 17. c4 cxd4 18. cxd5 Nc3 19. Re1 dxe3 20. axb6 axb6 21.
d6 Qc4 22. Qxe3 Nd5 23. Qd2 Rfe8 24. Be7 Nxe7 25. dxe7 Nc5 26. Rac1 Qg4 27. h3
Qg6 28. Rc4 Rc7 29. Rg4 Qf6 30. Rf4 Rd7 31. Qb4 Qd6 32. Rd4 Qc7 33. Rxd7 Qxd7
34. Qxb6 Ne6 35. Qe3 1/2-1/2

[Event "BL 1819 SV Werder Bremen - SC Viernheim"]
[Site "?"]
[Date "2019.04.06"]
[Round "14.2"]
[White "McShane, Luke J"]
[Black "Anton Guijarro, David"]
[Result "1/2-1/2"]
[WhiteElo "2686"]
[BlackElo "2669"]
[PlyCount "72"]
[EventDate "2019.??.??"]

1. e4 e5 2. Nf3 Nc6 3. Bc4 Bc5 4. d3 Nf6 5. O-O d6 6. c3 a5 7. Re1 O-O 8. Nbd2
Be6 9. Bb5 Qb8 10. Nf1 Qa7 11. Be3 Qb6 12. a4 Bxe3 13. Nxe3 Ng4 14. Ng5 Nxe3
15. Rxe3 Nd8 16. d4 c6 17. Bf1 h6 18. Nf3 Bg4 19. Bc4 Ne6 20. dxe5 dxe5 21. Qc2
Qc5 22. Bb3 Nf4 23. g3 Nh3+ 24. Kg2 Rad8 25. Ne1 Qe7 26. Rd3 Rxd3 27. Nxd3 Qf6
28. Ne1 Ng5 29. Qd3 Rd8 30. Qe3 Bh3+ 31. Kh1 Be6 32. Bc2 Bg4 33. Kg2 Bh3+ 34.
Kg1 Bg4 35. Kg2 Bh3+ 36. Kg1 Bg4 1/2-1/2

[Event "BL 1819 SV Werder Bremen - SC Viernheim"]
[Site "?"]
[Date "2019.04.06"]
[Round "14.3"]
[White "Amin, Bassem"]
[Black "Areshchenko, Alexander"]
[Result "1/2-1/2"]
[WhiteElo "2708"]
[BlackElo "2663"]
[PlyCount "48"]
[EventDate "2019.??.??"]

1. Nf3 c5 2. g3 Nc6 3. Bg2 g6 4. O-O Bg7 5. d3 e5 6. c4 Nge7 7. Nc3 d6 8. a3
O-O 9. Rb1 a5 10. Bd2 Rb8 11. Ne1 Be6 12. Nc2 d5 13. cxd5 Nxd5 14. Ne3 Nxe3 15.
Bxe3 Nd4 16. b4 axb4 17. axb4 c4 18. Re1 b5 19. Ne4 Bd5 20. dxc4 Bxc4 21. Qd2
f5 22. Bg5 Qc7 23. Nc5 Qf7 24. Rbd1 e4 1/2-1/2

[Event "BL 1819 SV Werder Bremen - SC Viernheim"]
[Site "?"]
[Date "2019.04.06"]
[Round "14.4"]
[White "Efimenko, Zahar"]
[Black "Maze, Sebastien"]
[Result "1/2-1/2"]
[WhiteElo "2633"]
[BlackElo "2580"]
[PlyCount "58"]
[EventDate "2019.??.??"]

1. Nf3 e6 2. c4 d5 3. b3 c5 4. g3 Nc6 5. Bg2 d4 6. O-O g5 7. b4 g4 8. Ne1 Nxb4
9. e3 h5 10. exd4 Bg7 11. Bb2 cxd4 12. Na3 Ne7 13. c5 O-O 14. Nc4 Bd7 15. Qb3
Nbc6 16. Nd3 e5 17. Nd6 Be6 18. Qa4 Qa5 19. Qxa5 Nxa5 20. Nxb7 Nac6 21. Nd6 Bd5
22. Ba3 f5 23. Rab1 Bxg2 24. Kxg2 Rab8 25. Nb4 Nxb4 26. Rxb4 Rxb4 27. Bxb4 Nc6
28. Ba3 e4 29. Rb1 Bh6 1/2-1/2

[Event "BL 1819 SV Werder Bremen - SC Viernheim"]
[Site "?"]
[Date "2019.04.06"]
[Round "14.5"]
[White "Fedorchuk, Sergey A"]
[Black "Edouard, Romain"]
[Result "1-0"]
[WhiteElo "2604"]
[BlackElo "2650"]
[PlyCount "131"]
[EventDate "2019.??.??"]

1. e4 e6 2. d4 d5 3. Nd2 c5 4. Ngf3 cxd4 5. Nxd4 Nf6 6. exd5 Qxd5 7. Nb5 Na6 8.
Nc3 Qd6 9. a3 Bd7 10. Qf3 Bc6 11. Qe3 Nc7 12. Nc4 Qc5 13. Ne5 Ncd5 14. Qxc5
Bxc5 15. Nxc6 bxc6 16. Na4 Bd4 17. c3 Nb6 18. Nxb6 Bxb6 19. Ba6 Rd8 20. f3 Rd5
21. Bd2 Re5+ 22. Kd1 Nd5 23. f4 Rh5 24. Be2 Rh6 25. Bf3 O-O 26. g3 Ne3+ 27. Ke2
Nc4 28. Bc1 e5 29. Kd3 Na5 30. fxe5 Re6 31. Bf4 Bc7 32. Rae1 h6 33. Bg4 Re7 34.
e6 Bxf4 35. gxf4 Rd8+ 36. Kc2 Nc4 37. exf7+ Kxf7 38. Rxe7+ Kxe7 39. Re1+ Kf6
40. Re6+ Kf7 41. f5 c5 42. Bh5+ Kf8 43. Kb3 Nd6 44. Bg6 c4+ 45. Kb4 Rb8+ 46.
Kc5 Nf7 47. Re2 Rc8+ 48. Kd5 Ng5 49. h4 Nf3 50. Bh5 Nd2 51. Kd6 Nb3 52. Kd7 Ra8
53. Kc6 Nc1 54. Re3 a5 55. Kb7 Rd8 56. Kc7 Ra8 57. Re4 Nd3 58. Rxc4 Nxb2 59.
Re4 Nd3 60. c4 a4 61. Bg6 Ra7+ 62. Kb8 Rb7+ 63. Kc8 Re7 64. Rd4 Nb4 65. Rd8+
Re8 66. Rxe8# 1-0

[Event "BL 1819 SV Werder Bremen - SC Viernheim"]
[Site "?"]
[Date "2019.04.06"]
[Round "14.6"]
[White "Spoelman, Wouter"]
[Black "Kovalenko, Igor"]
[Result "1/2-1/2"]
[WhiteElo "2582"]
[BlackElo "2662"]
[PlyCount "65"]
[EventDate "2019.??.??"]

1. c4 Nf6 2. Nf3 g6 3. g3 Bg7 4. Bg2 O-O 5. O-O Nc6 6. Nc3 a6 7. d3 d6 8. Qd2
e5 9. b3 Re8 10. Bb2 Nd4 11. Rac1 Rb8 12. Nxd4 exd4 13. Nd5 Ng4 14. h3 Nh6 15.
e4 c6 16. Nf4 c5 17. b4 b6 18. a4 a5 19. b5 f6 20. Rce1 Nf7 21. Nd5 Be6 22. Kh2
Qd7 23. Bc1 Bxd5 24. exd5 Rxe1 25. Rxe1 Re8 26. Re6 Nd8 27. Qf4 Nf7 28. Qe4 Kf8
29. Qh4 Kg8 30. Qe4 Kf8 31. Qh4 Kg8 32. Qe4 Kf8 33. Qh4 1/2-1/2

[Event "BL 1819 SV Werder Bremen - SC Viernheim"]
[Site "?"]
[Date "2019.04.06"]
[Round "14.7"]
[White "Abergel, Thal"]
[Black "Werle, Jan"]
[Result "1/2-1/2"]
[WhiteElo "2437"]
[BlackElo "2556"]
[PlyCount "152"]
[EventDate "2019.??.??"]

1. Nf3 Nf6 2. g3 e6 3. Bg2 d5 4. O-O Be7 5. c4 O-O 6. b3 c5 7. Bb2 Nc6 8. e3 b6
9. Nc3 dxc4 10. bxc4 Bb7 11. Qe2 Qc7 12. Ne1 a6 13. f4 Na7 14. a4 Rab8 15. Nf3
Rfd8 16. d3 Ba8 17. Rab1 Nc6 18. h3 Nb4 19. Rbd1 Ne8 20. e4 Bc6 21. Rd2 Bf8 22.
Qe3 Nd6 23. g4 Nxd3 24. Qxd3 Nxe4 25. Qc2 Nxd2 26. Nxd2 Bxg2 27. Kxg2 Qb7+ 28.
Nf3 h6 29. f5 exf5 30. gxf5 b5 31. axb5 axb5 32. cxb5 c4 33. Rd1 Be7 34. Rxd8+
Bxd8 35. Qe2 Bf6 36. Qxc4 Rc8 37. Qd3 Rd8 38. Qe2 Kh7 39. Na4 Bxb2 40. Nxb2 Rd5
41. Qe4 Qxb5 42. Nc4 f6 43. Kg3 Rc5 44. Ne3 Qb8+ 45. Qf4 Qb3 46. Qe4 Qb8+ 47.
Qf4 Qe8 48. Ng4 Qd8 49. Qe4 Qd6+ 50. Qf4 Qd3 51. Qe3 Qd6+ 52. Qf4 Qc6 53. Ne3
Rc3 54. Qd4 Ra3 55. Kf2 Ra2+ 56. Kg3 Ra4 57. Qd5 Qc7+ 58. Kg2 Rb4 59. Qd2 Qb8
60. Nc2 Rb3 61. Qd5 Rb2 62. Qe4 Qb3 63. Nfe1 Qc3 64. Qe2 Qc6+ 65. Kg1 Qc5+ 66.
Qf2 Qd5 67. Qd4 Qb5 68. Ne3 Qe2 69. N1g2 Qf2+ 70. Kh2 Re2 71. Qe4 Ra2 72. h4 h5
73. Qc4 Re2 74. Qe4 Ra2 75. Qc4 Re2 76. Qe4 Ra2 1/2-1/2

[Event "BL 1819 SV Werder Bremen - SC Viernheim"]
[Site "?"]
[Date "2019.04.06"]
[Round "14.8"]
[White "Zumsande, Martin"]
[Black "Tarlev, Konstantin"]
[Result "0-1"]
[WhiteElo "2461"]
[BlackElo "2554"]
[PlyCount "230"]
[EventDate "2019.??.??"]

1. e4 e6 2. d4 d5 3. Nc3 Bb4 4. e5 c5 5. a3 Bxc3+ 6. bxc3 Nc6 7. Nf3 Nge7 8. h4
Bd7 9. h5 h6 10. Bd3 Qc7 11. O-O c4 12. Be2 f6 13. Bf4 O-O-O 14. Bh2 f5 15. Nh4
Rdg8 16. Bf4 g5 17. hxg6 Nxg6 18. Nxg6 Rxg6 19. g3 Qa5 20. Qd2 h5 21. Kg2 h4
22. Rh1 Rgg8 23. Rh3 hxg3 24. Rxh8 Rxh8 25. fxg3 Be8 26. Bg5 Rg8 27. Bf6 b6 28.
Kf2 Bg6 29. a4 b5 30. Ra3 Be8 31. Qc1 bxa4 32. Qh6 Qc7 33. Rxa4 Nxd4 34. Ra6
Nc6 35. Qe3 Kb7 36. Ra1 Qb6 37. Qxb6+ Kxb6 38. Rb1+ Kc7 39. Bf3 a5 40. Ra1 Bd7
41. Bh5 Be8 42. Bf3 Kb6 43. Be2 Ka6 44. Bf3 Bd7 45. Be2 Na7 46. Be7 Kb6 47. Bf3
Nb5 48. Rb1 Kc6 49. Ra1 Ra8 50. g4 fxg4 51. Bxg4 Nxc3 52. Ke3 Nb5 53. Bf3 Kb6
54. Kd2 Bc6 55. Be2 Rg8 56. c3 Rg2 57. Bd8+ Kb7 58. Bxa5 d4 59. cxd4 Nxd4 60.
Kc3 Nxe2+ 61. Kxc4 Rg1 62. Rxg1 Nxg1 63. Kc5 Bd5 64. Bd8 Kc8 65. Bf6 Kc7 66.
Bg5 Ne2 67. Bd2 Ng3 68. Ba5+ Kd7 69. Be1 Ne4+ 70. Kd4 Ke7 71. Ke3 Kf7 72. Bb4
Kg6 73. Kf4 Ng5 74. Bd6 Kh5 75. Be7 Nf7 76. Bf6 Bb3 77. Kg3 Nh6 78. Kf4 Nf5 79.
Bd8 Nh4 80. Bf6 Ng6+ 81. Kf3 Ba4 82. Kg3 Bd1 83. Kf2 Kg4 84. Ke3 Kf5 85. Kd4
Bb3 86. Bg7 Nh4 87. Kc5 Nf3 88. Kd6 Bd5 89. Bh8 Ke4 90. Bf6 Nd2 91. Kc5 Nc4 92.
Bg7 Nxe5 93. Bh8 Nd3+ 94. Kd6 e5 95. Bxe5 Nxe5 96. Kc5 Nd3+ 97. Kd6 Bc4 98. Kc6
Ke5 99. Kd7 Nc5+ 100. Kc6 Ne4 101. Kd7 Kf6 102. Kc6 Ke6 103. Kb6 Kd6 104. Ka5
Kc5 105. Ka4 Kd4 106. Kb4 Bd5 107. Kb5 Nc5 108. Kb6 Ne6 109. Kb5 Kc3 110. Kb6
Kb4 111. Ka6 Kc5 112. Ka5 Bc6 113. Ka6 Nf4 114. Ka5 Nd5 115. Ka6 Kb4 0-1

[Event "BL 1819 SG Solingen - OSG Baden-Baden"]
[Site "?"]
[Date "2019.04.06"]
[Round "14.2"]
[White "Ragger, Markus"]
[Black "Aronian, Levon"]
[Result "1/2-1/2"]
[WhiteElo "2687"]
[BlackElo "2763"]
[PlyCount "56"]
[EventDate "2019.??.??"]

1. e4 e5 2. Nf3 Nc6 3. Bc4 Bc5 4. d3 Nf6 5. O-O O-O 6. c3 d6 7. Re1 a6 8. h3
Ba7 9. Bb3 Re8 10. Nbd2 Be6 11. Nf1 Bxb3 12. Qxb3 Rb8 13. Ng3 Qd7 14. Nh4 Kh8
15. Nhf5 Qe6 16. Be3 Qxb3 17. axb3 g6 18. Bxa7 Nxa7 19. Ne3 Kg7 20. f3 Rbd8 21.
Nc4 Nc6 22. Na5 Nxa5 23. Rxa5 c6 24. Kf2 d5 25. b4 Re6 26. Re2 Kf8 27. Ra1 Ke7
28. Nf1 Kd7 1/2-1/2

[Event "BL 1819 SG Solingen - OSG Baden-Baden"]
[Site "?"]
[Date "2019.04.06"]
[Round "14.3"]
[White "Svidler, Peter"]
[Black "Van Wely, Loek"]
[Result "1-0"]
[WhiteElo "2735"]
[BlackElo "2612"]
[PlyCount "101"]
[EventDate "2019.??.??"]

1. e4 c5 2. Nf3 d6 3. Bb5+ Nd7 4. O-O a6 5. Bd3 Ngf6 6. c3 e6 7. Bc2 b5 8. d4
Bb7 9. Re1 Be7 10. Nbd2 cxd4 11. cxd4 O-O 12. Nf1 Rc8 13. Ng3 Qc7 14. Bd3 Rfe8
15. Bd2 Bf8 16. h3 Qb8 17. Ba5 g6 18. Qd2 Bg7 19. a4 bxa4 20. Rxa4 Bc6 21. Ra3
Bb5 22. Bxb5 axb5 23. Bb4 Bf8 24. Rea1 Rc4 25. b3 Rc6 26. Ra7 Rec8 27. R7a2 Qc7
28. Ra7 Qb8 29. R7a5 Rc2 30. Qd3 d5 31. e5 Ne4 32. Rxb5 Rc1+ 33. Rxc1 Rxc1+ 34.
Kh2 Qa8 35. Bxf8 Kxf8 36. Qe3 Rd1 37. Nxe4 dxe4 38. Ng5 Kg7 39. Qf4 Qe8 40.
Qxe4 h6 41. Nf3 Qc8 42. Rb7 Ra1 43. b4 Qa8 44. Nd2 Ra7 45. Rb5 Qc8 46. d5 Qc3
47. dxe6 Nf8 48. Qf4 Nxe6 49. Qf6+ Kh7 50. Rb8 Ng7 51. Ne4 1-0

[Event "BL 1819 SG Solingen - OSG Baden-Baden"]
[Site "?"]
[Date "2019.04.06"]
[Round "14.4"]
[White "Ganguly, Surya Shekhar"]
[Black "Wojtaszek, Radoslaw"]
[Result "1/2-1/2"]
[WhiteElo "2654"]
[BlackElo "2724"]
[PlyCount "61"]
[EventDate "2019.??.??"]

1. c4 Nf6 2. Nc3 e5 3. Nf3 Nc6 4. e3 Bb4 5. Qc2 Bxc3 6. bxc3 O-O 7. d3 d6 8.
Be2 h6 9. O-O b6 10. e4 Nh7 11. Ne1 f5 12. exf5 Bxf5 13. f4 Qd7 14. Nf3 Rae8
15. fxe5 dxe5 16. Ba3 Rf7 17. Rad1 Nf6 18. Qc1 Qe6 19. Nh4 Bh7 20. Qe3 g5 21.
Nf3 e4 22. Nd4 Nxd4 23. cxd4 exd3 24. Qxe6 Rxe6 25. Bxd3 Bxd3 26. Rxd3 Ng4 27.
Rdf3 Rxf3 28. gxf3 Ne3 29. Re1 Kf7 30. d5 Re8 31. Rc1 1/2-1/2

[Event "BL 1819 SG Solingen - OSG Baden-Baden"]
[Site "?"]
[Date "2019.04.06"]
[Round "14.5"]
[White "Rapport, Richard"]
[Black "L'Ami, Erwin"]
[Result "1-0"]
[WhiteElo "2726"]
[BlackElo "2647"]
[PlyCount "123"]
[EventDate "2019.??.??"]

1. Nf3 d5 2. g3 Bg4 3. Bg2 Nd7 4. c4 e6 5. cxd5 exd5 6. O-O Ngf6 7. h3 Bxf3 8.
exf3 Be7 9. f4 O-O 10. d3 c6 11. Nd2 Ne8 12. Nf3 Nd6 13. h4 Re8 14. Bh3 Nf8 15.
f5 Nd7 16. Bf4 Qb6 17. Rb1 Nb5 18. Kg2 a5 19. a3 Bc5 20. d4 Bd6 21. Bg5 Bf8 22.
h5 h6 23. f6 Nxf6 24. Bxf6 gxf6 25. Bf5 Nd6 26. Nh4 Re7 27. Qg4+ Bg7 28. Qf4
Qc7 29. Bd3 Qd7 30. Bf5 Qc7 31. Bd3 Qd7 32. b4 axb4 33. axb4 Rae8 34. b5 f5 35.
Bxf5 Qc7 36. bxc6 bxc6 37. Rfc1 Ne4 38. Qxc7 Rxc7 39. Rb4 Nd6 40. Bd3 Bf6 41.
Nf3 Nb7 42. Nh2 Nd8 43. Ng4 Bg7 44. f4 Ra7 45. Bf5 Kf8 46. Kh3 Rc7 47. Ra4 Ke7
48. Nh2 Kd6 49. Nf3 Re3 50. Nh4 Bf6 51. Ng2 Re2 52. Bd3 Rd2 53. Rc3 Re7 54. f5
Kd7 55. Nf4 Re3 56. Nxd5 Bxd4 57. Rxd4 cxd5 58. Rxd5+ Ke7 59. f6+ Kxf6 60. Rxd8
Rd1 61. Rd7 Rg1 62. Rxf7+ 1-0

[Event "BL 1819 SG Solingen - OSG Baden-Baden"]
[Site "?"]
[Date "2019.04.06"]
[Round "14.6"]
[White "Predojevic, Borki"]
[Black "Naiditsch, Arkadij"]
[Result "1/2-1/2"]
[WhiteElo "2621"]
[BlackElo "2695"]
[PlyCount "41"]
[EventDate "2019.??.??"]

1. e4 e5 2. Nf3 Nc6 3. Bb5 Nf6 4. O-O Nxe4 5. Re1 Nd6 6. Nxe5 Be7 7. Bf1 Nxe5
8. Rxe5 O-O 9. d4 Ne8 10. Re1 d5 11. Bd3 c6 12. c3 Nd6 13. Bf4 Bg5 14. Qf3 Bxf4
15. Qxf4 Be6 16. Nd2 Qd7 17. Re2 Rae8 18. Rae1 f6 19. h4 Bf7 20. Rxe8 Rxe8 21.
Rxe8+ 1/2-1/2